| 000 | 00501nam a2200181Ia 4500 | ||
|---|---|---|---|
| 999 |
_c34548 _d34548 |
||
| 003 | OSt | ||
| 005 | 20200916150531.0 | ||
| 008 | 190216s9999||||xx |||||||||||||| ||und|| | ||
| 020 | _a9789382961246 | ||
| 040 | _coclc | ||
| 082 |
_a531.6 _bGUP/M |
||
| 100 |
_aGupta, D C _91733 |
||
| 245 | 0 |
_aMechanics 2 : _bHeat & Waves / _cD C Gupta |
|
| 260 |
_bDisha Publication, _c2013. _aNew Delhi: |
||
| 300 | _a698p | ||
| 650 | _aPhysics | ||
| 942 |
_cBK _2ddc _h531.6 _iGUP/M _k531.6 _mGUP/M |
||